| 000 | 01269nam a2200241Ii 4500 | ||
|---|---|---|---|
| 003 | JO-AjNU | ||
| 005 | 20240625082036.0 | ||
| 008 | 230605s9999||||xx |||||||||||||| ||und|| | ||
| 040 |
_aJO-AjNU _bara _erda _cJO-AjNU |
||
| 041 | _aara | ||
| 050 | 1 | 4 | _aHG4636.2022 |
| 100 | 1 |
_aجرادات، ريم سعيد عبدالله _eمعد _965557 |
|
| 245 | 1 | 0 |
_aاثر التغيير في الخصائص النوعية للمعلومات المحاسبية على اسعار اسهم الشركات المالية الدرجة في بورصة عمان = Impact of the Change in the Qualitative Characteristics of Accounting Information on Stock Prices of Financial Corporations / _cاعداد ريم سعيد عبدالله جرادات ؛ اشراف علي عبدالله الزعبي |
| 260 | _c2022 | ||
| 300 | _a104ورقة | ||
| 336 |
_atext _btxt _2rdacontent |
||
| 337 |
_aunmediated _bn _2rdamedia |
||
| 338 |
_avolume _bnc _2rdacarrier |
||
| 500 | _aرسالة جامعية(اطروحة ماجستير) تخصص المحاسبة /كلية الاعمال، جامعة عجلون الوطنية، 2022 | ||
| 650 | 4 |
_aالاسهم-الشركات-محاسبة-الاردن _963349 |
|
| 700 | 1 |
_aالزعبي،علي عبدالله _965558 _eمشرف |
|
| 942 |
_2lcc _cTHS |
||
| 999 |
_c32297 _d32297 |
||